Rot-Weiße-Blaue US-Staaten Flaggen - Statistiken

Allgemein
  • Dieses Quiz wurde 44 mal gespielt
  • Das Durchschnittsergebnis liegt bei 4 aus 6
Antwortstatistiken
Bildquiz Antwort % Korrekt
Texas
97%
Wyoming
72%
Hawaii
67%
Ohio
67%
Arkansas
58%
Tennessee
56%
Keine übereinstimmenden Quizze gefunden
Verteilung der Resultate
Anzahl Personen mit jedem Resultat
Perzentil nach korrekt beantworteten Fragen
Ihre Resultats-Entwicklung
Sie haben dieses Quiz noch nicht gespielt